000 00644nam a2200157 a 4500
008 120416s1962 ||||||||||||||||| || u
050 _aHC 865 Int
245 1 4 _aThe economic development of Uganda
246 _areport of a mission organized by the World Bank at the request of the government of Uganda.
260 _aBaltimore
_bJohn Hopkins University Press
_c1962
300 _axviii, 475p : ill.
350 _a0.00
650 _aECONOMIC DEVELOPMENT--UGANDA
650 0 _aECONOMICS
995 _D0.00
_FCBU-MAIN LIBRARY (Kitwe)
_H1
_I0.00
_M1
_UAVAILABLE
_ZAnnex Low-Usage Collection
999 _c40811
_d40811